| 000 -LEADER |
| fixed length control field |
01317nam a2200217Ia 4500 |
| 001 - CONTROL NUMBER |
| control field |
10389 |
| 003 - CONTROL NUMBER IDENTIFIER |
| control field |
GE_BSU |
| 008 - FIXED-LENGTH DATA ELEMENTS--GENERAL INFORMATION |
| fixed length control field |
181216s||||||||xx |||||||||||||| ||und|| |
| 020 ## - INTERNATIONAL STANDARD BOOK NUMBER |
| International Standard Book Number |
9789992847268 |
| 040 ## - CATALOGING SOURCE |
| Transcribing agency |
GE_BSU |
| 080 ## - UNIVERSAL DECIMAL CLASSIFICATION NUMBER |
| Universal Decimal Classification number |
821.353.1+821.353.1-32 |
| 245 ## - TITLE STATEMENT |
| Title |
ქართული მწერლობა 40 ტომად. ტ.25. სოფრომ მგალობლიშვილი,ეკატერინე გაბაშვილი,დიმიტრი მაჩხანელი |
| 245 ## - TITLE STATEMENT |
| Statement of responsibility, etc. |
შემდგ.ა.ბაქრაძე.რ.თვარაძე.სარედ.კოლ.ა.ბაქრაძე და სხვ.ტომის შემდგ.მანანა ბარათაშვილი,ნანა ზღულაძე.ტომის რედ. მანანა ბარათაშვილი.მხატვ.გურამ ღლონტი |
| 260 ## - PUBLICATION, DISTRIBUTION, ETC. |
| Place of publication, distribution, etc. |
თბილისი |
| 260 ## - PUBLICATION, DISTRIBUTION, ETC. |
| Name of publisher, distributor, etc. |
ნაკადული |
| 260 ## - PUBLICATION, DISTRIBUTION, ETC. |
| Date of publication, distribution, etc. |
2006 |
| 300 ## - PHYSICAL DESCRIPTION |
| Extent |
639გვ.20სმ. |
| 520 ## - SUMMARY, ETC. |
| Summary, etc. |
ტომეული თავდაპირველად გამოდიოდა 30ტომად.2007 წლის შემდეგ გამოდის 40 ტომად |
| 653 ## - INDEX TERM--UNCONTROLLED |
| Uncontrolled term |
ქართული მწერლობა |
| 942 ## - ADDED ENTRY ELEMENTS (KOHA) |
| Koha item type |
წიგნი |